000 00281nam a22001217a 4500
082 _a823
_bCLA/O
100 _aCLASSIC BOOKS
245 _aOLIVER TWIST
260 _aDELHI
_bCLASSIC BOOKS INTERNATIONAL
_c2003
300 _a220
650 _aCHILDREN'S ILLUSTRATED CLASSICS
942 _cBK
999 _c267
_d267